| 000 | 00793nam a22002412 4500 | ||
|---|---|---|---|
| 001 | 0000012763 | ||
| 005 | 20151217145857.0 | ||
| 008 | 090319s xx 000 0 eng d | ||
| 020 | _a0198515715 : | ||
| 040 |
_aKABU _cKABU |
||
| 245 | 1 | 0 |
_aBiodiversity and ecosystem functioning : _bsynthesis and perspectives / _cedited by Michel Loreau, Shahid Naeem, Pablo Inchausti. |
| 250 | _a1st ed. | ||
| 260 |
_aOxford : _bO. U. P., _c2002. |
||
| 300 | _axii, 294 p. | ||
| 650 | 0 |
_aBiodiversity. _@0000169667 |
|
| 650 | 0 |
_aEcosystem health. _@0000169668 |
|
| 700 | 1 |
_aLoreau, Michel. _@0000169669 |
|
| 700 | 1 |
_aNaeem, Shahid. _@0000169670 |
|
| 700 | 1 |
_aInchausti, Pablo. _@0000169671 |
|
| 852 | 1 | _9p3562.50 KES | |
| 908 | _a090319 | ||
| 950 | _@1 | ||
| 999 |
_c3602 _d3602 |
||